000 01996nam0a2200385 4500
001 RU\NLR\BIBL_A\012527664
005 20210624155957.0
010 _a978-5-00091-589-9
_bФорум
010 _a978-5-16-014126-8
_bИНФРА-М, print
010 _a978-5-16-106642-3
_bИНФРА-М, online
021 _aRU
_bКН-П-20-089702
_9КН-П-20-6811
035 _a(NLR Aleph) 012527664
035 _a(RuMoRGB)010543766
090 _a12350934
_c12350934
100 _a20210525d2021 u y0rusy50 ca
101 0 _arus
102 _aRU
105 _aab j 000zy
181 0 _ai
_baxxe
182 0 _an
200 1 _aОрганизация туристской деятельности
_eуправление турфирмой
_eучебное пособие для учебных заведений, реализующих программу среднего профессионального образования по специальности 43.02.10 "Туризм"
_fС. А. Быстров
203 _aТекст
_bвизуальный
_cнепосредственный
210 _aМосква
_cФорум
_cИНФРА-М
_d2021
215 _a398, [1] с.
_cил., карты, табл.
_d22
225 1 _aСреднее профессиональное образование
320 _aБиблиогр.: с. 377-379 (42 назв.)
517 1 _aУправление турфирмой
606 1 _aТуристские учреждения
_jУчебные издания для среднего профессионального образования
_xУправление
_92404107
_3RU\NLR\AUTH\6601652398
610 0 _aтурфирма - организация работы
686 1 _aЧ518.14(0)к.я723
700 1 _aБыстров
_bС. А.
_cканд. экон. наук
_gСергей Александрович
_9160597
_3RU\NLR\AUTH\770160639
942 _cBOOK
980 _aNB